Countries of Europe by small 'large' cities Quiz Stats

 Plays Quiz not verified by Sporcle

Challenge
Share
Tweet
Embed
Score 0/36 Timer 07:00
0 Plays Today
City Country % Correct
ReykjavikIceland
96.8%
CorkIreland
95.7%
InnsbruckAustria
93%
LjubljanaSlovenia
93%
SkopjeMacedonia
90.9%
PodgoricaMontenegro
90.4%
AnderlechtBelgium
83.4%
StavangerNorway
83.4%
UmeåSweden
80.2%
FrederiksbergDenmark
79.1%
KosiceSlovakia
78.1%
Kamyanetsk PodilskyUkraine
77%
SalzgitterGermany
76.5%
BaracaldoSpain
75.4%
SzékesfehérvarHungary
74.9%
TartuEstonia
73.8%
AmadoraPortugal
73.3%
NoginskRussia
72.7%
City Country % Correct
WinterthurSwitzerland
72.7%
ArgenteuilFrance
72.2%
AnconaItaly
72.2%
OsijekCroatia
71.1%
LahtiFinland
71.1%
DaugavpilsLatvia
71.1%
DurrësAlbania
70.1%
SoligorskBelarus
67.4%
LiberecCzech Republic
65.2%
SuboticaSerbia
63.6%
CalithèaGreece
59.9%
Drobeta Turnu-SeverinRomania
57.2%
PanevezhisLithuania
55.6%
EdeNetherlands
54%
PlevenBulgaria
51.3%
LegnicaPoland
48.1%
BaltiMoldova
41.7%
ManavgatTurkey
39.6%

You're not logged in!

Compare scores with friends on all Sporcle quizzes.
Join for Free
OR
Log In

You Might Also Like...

Show Comments

Extras

Top Quizzes Today


Score Distribution

Your Account Isn't Verified!

In order to create a playlist on Sporcle, you need to verify the email address you used during registration. Go to your Sporcle Settings to finish the process.

Report this User

Report this user for behavior that violates our Community Guidelines.

Details: